书目信息 |
| 题名: |
变压器运行分析
|
|
| 作者: | 张星海 , 蒋伟 , 张大堃 编著 | |
| 分册: | ||
| 出版信息: | 西安 西安交通大学出版社 2022.05 |
|
| 页数: | 205页 | |
| 开本: | 24cm | |
| 丛书名: | ||
| 单 册: | ||
| 中图分类: | TM406 | |
| 科图分类: | ||
| 主题词: | 变压器--bian ya qi--运行 | |
| 电子资源: | ||
| ISBN: | 978-7-5693-1992-7 | |
| 000 | 00990nam0 2200241 450 | |
| 001 | 011025153752 | |
| 005 | 20221025153752.0 | |
| 010 | @a978-7-5693-1992-7@dCNY84.00 | |
| 100 | @a20201004d2022 em y0chiy0120 ea | |
| 101 | 0 | @achi |
| 102 | @aCN@b610000 | |
| 105 | @aa z 000yy | |
| 106 | @ar | |
| 200 | 1 | @a变压器运行分析@Abian ya qi yun hang fen xi@f张星海, 蒋伟, 张大堃编著 |
| 210 | @a西安@c西安交通大学出版社@d2022.05 | |
| 215 | @a205页@c图@d24cm | |
| 330 | @a本书在回顾变压器基础知识的同时,结合作者多年电力变压器运行经验,以较多的实际案例分析了变压器的各种运行情况;对变压器的接地方式、短路故障运行和过电压等内容进行了翔实论述;对变压器匝间短路的计算方法等最新研究成果进行了实质性阐述,促进读者更好地了解变压器在各种运行情况下的特点。 | |
| 606 | 0 | @a变压器@Abian ya qi@x运行 |
| 690 | @aTM406@v5 | |
| 701 | 0 | @a张星海@Azhang xing hai@f(1963~)@4编著 |
| 701 | 0 | @a蒋伟@Ajiang wei@f(1979~)@4编著 |
| 701 | 0 | @a张大堃@Azhang da kun@4编著 |
| 905 | @a河南城建学院图书馆@dTM406@eZ212 | |
| 变压器运行分析/张星海, 蒋伟, 张大堃编著.-西安:西安交通大学出版社,2022.05 |
| 205页:图;24cm |
| ISBN 978-7-5693-1992-7:CNY84.00 |
| 本书在回顾变压器基础知识的同时,结合作者多年电力变压器运行经验,以较多的实际案例分析了变压器的各种运行情况;对变压器的接地方式、短路故障运行和过电压等内容进行了翔实论述;对变压器匝间短路的计算方法等最新研究成果进行了实质性阐述,促进读者更好地了解变压器在各种运行情况下的特点。 |
| ● |
| 相关链接 |
|
|
|
正题名:变压器运行分析
索取号:TM406/Z212
 
预约/预借
| 序号 | 登录号 | 条形码 | 馆藏地/架位号 | 状态 | 备注 |
| 1 | 1589343 | 215893433 | 自科库301/301自科库 12排2列5层/ [索取号:TM406/Z212] | 在馆 | |
| 2 | 1589344 | 215893442 | 自科库301/301自科库 12排2列5层/ [索取号:TM406/Z212] | 在馆 |